The Coasts are Gone! Name the Largest Cities Left - Statistics

General Stats
  • This quiz has been taken 14 times
  • The average score is 13 of 16
Answer Stats
Cities % Correct
Columbus
100%
Chicago
92%
Detroit
92%
Indianapolis
92%
Phoenix
92%
Austin
85%
Dallas
85%
Denver
85%
Houston
85%
Oklahoma City
85%
Las Vegas
77%
Philadelphia
77%
Nashville
69%
San Antonio
69%
Fort Worth
62%
El Paso
38%
No matching quizzes found
Score Distribution
Percent of People with Each Score
Percentile by Number Answered
Your Score History
You have not taken this quiz